Cartas a quien pretende enseñar
Saved in:
| Hovedforfatter: | |
|---|---|
| Format: | Bog |
| Sprog: | spansk |
| Udgivet: |
Buenos Aires
Siglo XXI
1994
|
| Serier: | Educación
|
| Fag: | |
| Tags: |
Tilføj Tag
Ingen Tags, Vær først til at tagge denne postø!
|
MARC
| LEADER | 00000nam a2200000 a 4500 | ||
|---|---|---|---|
| 001 | UCL0055 | ||
| 003 | CL-VaPUC | ||
| 005 | 20231004163654.0 | ||
| 008 | 030612e19940000AG |||||||||||||||||spa|d | ||
| 999 | |c 304088 |d 304086 | ||
| 020 | |a 9871105126 | ||
| 040 | |c Pontificia Universidad Católica de Valparaíso | ||
| 082 | 0 | 4 | |a 371.1 |b FRE |2 21 |
| 100 | |a Freire, Paulo |e autor |9 352356 | ||
| 245 | 1 | 0 | |a Cartas a quien pretende enseñar |
| 260 | |a Buenos Aires |b Siglo XXI |c 1994 | ||
| 300 | |a 141 p | ||
| 490 | 0 | |a Educación | |
| 583 | |a last modification |c 20130306 11:29:51 |k Rodrigo Vera | ||
| 650 | 7 | |a Formación Docente |2 CL-VaPUC |9 329594 | |
| 650 | 0 | |a Orientación Vocacional |9 258384 | |
| 942 | |c BK |2 ddc | ||
| 945 | |d 20030612 00:00:00 |a cmena | ||
| 952 | |0 0 |1 0 |4 0 |6 371_100000000000000_FRE_1994 |7 0 |8 R |9 365867 |a BIBEDU |b BIBEDU |c MCIRC |d 2019-11-21 |i 3911977 |l 1 |o 371.1 FRE 1994 |p 3911977 |r 2023-01-13 |s 2022-04-13 |w 2019-11-21 |y BK_R |k EDU | ||
| 952 | |0 0 |1 0 |4 0 |6 371_100000000000000_FRE_1994 |7 0 |8 R |9 365868 |a BIBEDU |b BIBEDU |c MCIRC |d 2019-11-21 |i 392209K |l 2 |o 371.1 FRE 1994 |p 392209K |r 2024-04-17 |s 2024-04-15 |w 2019-11-21 |y BK_R |k EPE | ||